000
00286nam a22001217a 4500
040
_c
HS
082
_a
338
100
_a
CHHAY KONGKEA
245
_a
Agricultural development strategy in cambodia
260
_a
Philosophy in Economics
_b
CHHAY KONGKEA
_c
2006
300
_a
141p;
942
_c
EK
999
_c
9106
_d
9106